000 00453nam a2200169Ia 4500
008 230524s9999 xx 000 0 und d
020 _a9788129113726
082 _bBHA
100 _aChetan Bhagat
245 0 _a"The 3 Mistakes of my Life (A Story about Business, Cricket and Religion)"
250 _a1
260 _aNew Delhi
_bRupa
_c2011
300 _a"XI,254p;"
500 _aQuantity Number: 2
650 _aMiscellaneous
_91877
942 _cBK
999 _c52321
_d52321